HUMAN ANATOMY AND PHYSIOLOGY -II ( DR. MAHESH PRASAD) (Record no. 268067)

MARC details
000 -LEADER
fixed length control field 00338pam a2200133a 44500
008 - FIXED-LENGTH DATA ELEMENTS--GENERAL INFORMATION
fixed length control field 230405s2021 xxu||||| |||| 00| 0 eng d
041 ## - LANGUAGE CODE
Language code of text/sound track or separate title ENG
100 ## - MAIN ENTRY--PERSONAL NAME
Personal name DR. MAHESH PRASAD
245 ## - TITLE STATEMENT
Title HUMAN ANATOMY AND PHYSIOLOGY -II ( DR. MAHESH PRASAD)
250 ## - EDITION STATEMENT
Edition statement 6
260 ## - PUBLICATION, DISTRIBUTION, ETC.
Place of publication, distribution, etc. PUNE
Name of publisher, distributor, etc. NIRALI PRAKASHAN
Date of publication, distribution, etc. 2021
300 ## - PHYSICAL DESCRIPTION
Extent 5.3
906 ## - LOCAL DATA ELEMENT F, LDF (RLIN)
a 2628
Holdings
Withdrawn status Lost status Damaged status Not for loan Collection Home library Current library Date acquired Source of acquisition Cost, normal purchase price Total Checkouts Barcode Date last seen Price effective from Koha item type Date last checked out Date due
          College of Pharmacy, Kolhapur College of Pharmacy, Kolhapur 14/04/2023 BHARATI MADHYVARTI SAHAKARI GRAHAK BHANDAR LTD 148.00   PCK-9955 14/04/2023 14/04/2023 Book    
          College of Pharmacy, Kolhapur College of Pharmacy, Kolhapur 14/04/2023 BHARATI MADHYVARTI SAHAKARI GRAHAK BHANDAR LTD 148.00 1 PCK-9954 15/05/2025 14/04/2023 Book 05/05/2025  
          College of Pharmacy, Kolhapur College of Pharmacy, Kolhapur 14/04/2023 BHARATI MADHYVARTI SAHAKARI GRAHAK BHANDAR LTD 148.00 3 PCK-9953 12/05/2026 14/04/2023 Book 12/05/2026 12/05/2026
          College of Pharmacy, Kolhapur College of Pharmacy, Kolhapur 14/04/2023 BHARATI MADHYVARTI SAHAKARI GRAHAK BHANDAR LTD 148.00 1 PCK-9952 10/03/2026 14/04/2023 Book 10/03/2026 10/03/2026